Olympischer Medaillenspiegel - Hockey - Statistiken

Allgemein
  • Dieses Quiz wurde 75 mal gespielt
  • Das Durchschnittsergebnis liegt bei 10 aus 13
Antwortstatistiken
Gesamt Gold Silber Bronze Land % Korrekt
10 4 2 4 Deutschland
99%
4 1 3 0 Westdeutschland
99%
18 6 6 6 Niederlande
88%
2 0 0 2 Vereinigte Staaten
88%
13 4 2 7 Großbritannien
84%
3 1 1 1 Belgien
83%
12 8 1 3 Indien
83%
13 4 4 5 Australien
81%
5 1 3 1 Spanien
78%
88 3 3 2 Pakistan
70%
6 1 3 2 Argentinien
62%
2 0 0 2 Sowjetunion
42%
3 0 3 0 Südkorea
33%
Keine übereinstimmenden Quizze gefunden
Verteilung der Resultate
Anzahl Personen mit jedem Resultat
Perzentil nach korrekt beantworteten Fragen
Ihre Resultats-Entwicklung
Sie haben dieses Quiz noch nicht gespielt